|
|
|
|
| LEADER |
00000nab a2200000 a 4500 |
| 001 |
vtls000632604 |
| 003 |
SK-MaSNL |
| 005 |
20260304102741.0 |
| 008 |
250425c1997 xo 0 slo |
| 015 |
|
|
|a SNBRB19rr/mm-uuuuu
|
| 035 |
|
|
|a CL0632743
|
| 035 |
|
|
|a urn:nbn:sk:snk-ab7hj4
|
| 035 |
|
|
|a (urnnbn)urn:nbn:sk:snk:ar-005suh
|
| 035 |
|
|
|a (uuid)431ff902-160d-4b64-a282-2fc8fa68efb2
|
| 040 |
|
|
|a SNKBUCL
|b slo
|c SNKBUCL
|e AACR2
|
| 041 |
0 |
|
|a slo
|
| 044 |
|
|
|a xo
|c SK
|
| 080 |
|
|
|a 930.253(450)"1359/1995":378.4(450)"1359/1995"
|2 1981
|
| 080 |
|
|
|a 378.4(450)"1359/1995"
|2 1981
|
| 100 |
1 |
|
|a Štulrajterová, Katarína
|4 aut
|9 11442
|
| 245 |
1 |
0 |
|a Universitas Patavina a študenti z územia dnešného Slovenska (1359-1995)
|c Katarína Štulrajterová
|
| 300 |
|
|
|b Res. angl., nem., lit. 52 zázn.
|
| 650 |
0 |
7 |
|a univerzity
|2 snkbucl
|9 22152
|
| 650 |
0 |
7 |
|a študenti slovenskí
|2 snkbucl
|9 974585
|
| 650 |
0 |
7 |
|a archívne dokumenty
|2 snkbucl
|9 78548
|
| 651 |
|
7 |
|a Padova (Taliansko)
|2 snkbucl
|9 30085
|
| 655 |
|
7 |
|a články z novín a časopisov
|2 snkbucl
|9 267496
|
| 773 |
0 |
|
|t Slovenská archivistika
|g Roč. 32, č. 1 (1997), s. 81-99
|x 0231-6722
|
| 850 |
|
|
|a Slovenská národná knižnica
|
| 852 |
|
|
|a Slovenská národná knižnica
|
| 954 |
|
|
|a odborná, vedecká literatúra pôvodná (slovenská)
|2 lita
|
| 958 |
|
|
|a article7
|
| 958 |
|
|
|a SK
|
| 958 |
|
|
|a NB
|
| 958 |
|
|
|a IT
|
| 958 |
|
|
|a RK
|
| 958 |
|
|
|a OND
|
| 958 |
|
|
|a EUIPO
|
| 992 |
|
|
|a RBX
|
| 999 |
|
|
|c 2846464
|d 2848394
|